000 00539nam a2200181 a 4500
003 PILC
005 20150112093430.0
008 100724s19uu xx 00 eng d
020 _a0131494198
050 _aQA 76.76.O63
_b.M435 2005
082 _aCSFr 005.4
_bM43 2005
100 _aMatteson, Susan
_99754
245 _aLinux desktop garrage /
_cSusan Mattesson
260 _aNew Jersey :
_bPearson Education, Inc,
_c2005.
300 _a352 pages :
_billustration ;
_c23 cm.
650 _aLinux - Operating system
_99755
942 _2lcc
_cBK
999 _c14332
_d14332